[Event "Commonwealth-ch U16"]
[Site "New Delhi"]
[Date "2018.06.26"]
[Round "1"]
[White "Garvit, Kumar Kalra"]
[Black "Koustav, Chatterjee"]
[Result "0-1"]
[WhiteElo "1616"]
[BlackElo "2365"]
[PlyCount "54"]
[EventDate "2018.06.26"]
[EventType "swiss"]
[EventRounds "7"]
[EventCountry "IND"]
[SourceTitle "EXT 2019"]
[Source "ChessBase"]
[SourceDate "2018.10.10"]
[SourceVersion "1"]
[SourceVersionDate "2018.10.10"]
[SourceQuality "1"]

1. e4 c5 2. Nf3 e6 3. g3 Nc6 4. Bg2 Nf6 5. Qe2 e5 6. 0-0 Be7 7. c3 d6 8. Rd1 Bg4 9. h3 Bxf3 10. Qxf3 h5 11. h4 Qd7 12. Na3 0-0 13. Nc2 g6 14. Ne3 Kg7 15. b3 Ng4 16. Bh3 f5 17. Bxg4 fxg4 18. Qe2 Rf3 19. Bb2 Raf8 20. d4 cxd4 21. cxd4 Nxd4 22. Bxd4 exd4 23. Nd5 Bxh4 24. Kg2 Rxf2+ 25. Qxf2 Rxf2+ 26. Kxf2 Qf7+ 27. Nf4 Qxf4+ 0-1